000 01704na a2200445 4500
001 21797
003 MIRAKIL
005 20181226092843.0
008 170215b tu n0 0 0
022 _a0049-0946
035 _a21797
040 _aMilas
_btur
_cTR-AnCHP
041 _aeng
082 _aCHP 050
_bSOC 1990-2003
090 _a050 DER 11
210 _aSocial. aff
222 _aSocialist affairs
245 _aSocialist affairs and Women & politics
246 _aWomen and politics
246 _aSocialist affairs dergisi
246 _aWomen & politics dergisi
260 _aLondon
_bSocialist International
_c1990-c2003
300 _ac.
_bres.
_c30 sm.
310 _a3 aylık
362 _a2. sayı (1990)- c.50, sayı 1
500 _aSol görüşlü siyasi dergi
500 _aSosyalis Enternasyonal'in yayın organıdır.
500 _aMevcut sayılar: (2) 1990; (3) 1990; (4) 1990; (2) 1991; (3) 1991; (4) 1991; (2) 1992; (3) 1992; (4) 1992; (1) 1993; (2) 1993; (3) 1993; (1) 1994; (2) 1994; (4) 1994; (1) 1995; (2-3) 1996; (4) 1996; (1) 1997; (s.1, c.48) 1999; (s.2, c.48) 1999; (s.1 c.49) 2000; (s.3-4, c.48) 2000; (s.4, c.49) 2002
610 _aSosyalist Enternasyonal
_vSüreli yayınlar
650 _aSosyalizm
_xSüreli yayınlar
650 _aKadın ve sosyalizm
_vSüreli yayınlar
650 _aDünya siyaseti
_vSüreli yayınlar
655 _aDergi
710 _aSocialist İnternational
710 _aSocialist International Women
780 _aSocialist International information
780 _aSocialist International Women (Organization)
_tSocialist International Women Bulletin
_x0489-3107
910 _aDERGİ 11
942 _2ddc
_cSER
999 _c11363
_d11363